000 00549nam a2200193 a 4500
001 2024
003 CO-ViMGA
008 141112s2004 ck r 000 u spa d
040 _aCO-ViMGA
_bspa
_cCO-ViMGA
082 0 4 _a512 O313
100 1 _aO'Daffer,
_950717
245 1 0 _aPreálgebra /
_cO'Daffer Phares G , Clemens Stanley , Charles Randall
260 _aWilmington :
_bAddison - Wesley,
_c1992
300 _a582 p : il
650 1 4 _aALGEBRA
_94940
650 1 4 _aCharles, Randall
_950718
650 1 4 _aClemens, Stanley
_950719
942 _2ddc
_cBK
999 _c14174
_d14174